01159nam a2200193Ia 4500001001000000003001000010008004100020040002500061041001300086100002300099245003300122250001100155260009200166300002700258500026600285501011400551520026600665650003400931L235-7884IT-CnALBA170116s9999||||xx |||||||||||||| ||und|| aIT-CnALBAcIT-CnALBA aITALIANO aGIUSEPPINO DE ROMA 0aLA DONNA SI CHIAMAVA MARIA.  a1a ed. aCINISELLO BALSAMO (MI)bEDIZIONI PAOLINEc1982 [1° Ed.:1982 - Ed.Ling.Originale: 1982] a86 p. (prefazione: 56) aANNUNZIAZIONE. VISITAZIONE. IL DUBBIO DI GIUSEPPE. NATALE. PURIIFICAZIONE DI MARIA. SMARRIMENTO DI GESÙ. ESORTAZIONE DI MARIA AI SERVI, ALLA CHIESA. I VERI PARENTI DI GESÙ. MATERNITÀ SPIRITUALE DI MARIA. LA CHIESA IN PREGHIERA CON MARIA. APOSTOLI DI DIO.  aSocietà San Paolo EM - Piazza San Paolo, 14 - 12051 ALBA (CN) (non commercial uses only) ® Copyright 2017 aANNUNZIAZIONE. VISITAZIONE. IL DUBBIO DI GIUSEPPE. NATALE. PURIIFICAZIONE DI MARIA. SMARRIMENTO DI GESÙ. ESORTAZIONE DI MARIA AI SERVI, ALLA CHIESA. I VERI PARENTI DI GESÙ. MATERNITÀ SPIRITUALE DI MARIA. LA CHIESA IN PREGHIERA CON MARIA. APOSTOLI DI DIO.  aMARIA SS. ANGELI SANTI DEMONI